00802 2200289 4500001002100000005001500021035002000036007000300056008004100059040001700100100002000117245010700137250001300244300002100257020001800278041000800296082001200304084001800316090002200334260004400356650002600400700002700426850001000453990001600463990001600479990001700495INLIS00000000000299720260529111333 a0010-0221000018ta260529 0  aSBPUPADbInd0 amochtar mas'oed1 aTanah dan pembangunan :brisalah dari konferensi INFID ke-10 /cMochtar mas'oed.,penyunting noer fauzi a--Cet--1 a301 hlm ;c20 cm a979-416-507-70 aInd a333.731 a333.731 MOC t a333.731 MOC t 9-4 aJakarta :bpustaka sinar harapan,c1997 4aTanah dan Pembangunan0 apenyunting, noer fauzi aPUPAD a0551/perpus a0550/perpus a05551/perpus